| 000 | 01892cam a22004694i 4500 | ||
|---|---|---|---|
| 003 | PE-LiUPU | ||
| 005 | 20250731173026.0 | ||
| 008 | 150623s2000 na rb 000 0 eng d | ||
| 020 | _a0805418431 | ||
| 035 | _a(Sirsi) i9780805418439 | ||
| 040 |
_aPE-LiUPU _bspa _cPE-LiUPU _erda |
||
| 049 | _aPRUA | ||
| 082 | 0 | 4 |
_a261.83227 _bP28 _221 |
| 100 | 1 |
_aPate, C. Marvin, _d1952-, _eautor. |
|
| 245 | 1 | 0 |
_aBehind the masks / _cC. Marvin Pate. |
| 264 | 1 |
_aNashville, Teneesee : _bBroadman & Holman Publishers, _c2000. |
|
| 300 |
_a128 páginas ; _c22 centímetros |
||
| 336 |
_atext _2rdacontent |
||
| 337 |
_aunmediated _2rdamedia |
||
| 338 |
_avolume _2rdacarrier |
||
| 504 | _aIncluye bibliografía. | ||
| 505 | 0 | _aThe Achiever and Obsessive-Compppulsive Personality Disorder -- The Entertainer and Histrionik Personality Disorder -- The Follower and Dependent Personality Sisorder -- The Lonesome Dove and Acoidant Personality Disorder -- The Sentinel and Paranoid Personality disorder -- The Maverick and Antisocial Personality Disorder -- The Rebel and Borderline Personality Disorder -- The Healthy Personality. | |
| 526 | _aSEG42 | ||
| 526 | _aSEG41 | ||
| 526 | _aSEG40 | ||
| 526 | _aSEG39 | ||
| 526 | _aP94 | ||
| 526 | _aP87 | ||
| 526 | _aP86 | ||
| 526 | _aP85 | ||
| 526 | _aP77 | ||
| 526 | _aP76 | ||
| 526 | _aP35 | ||
| 650 | 0 | 4 |
_adesórdenes de la pesonalidad _xCristianismo. |
| 650 | 0 | 4 | _aPsicología pastoral. |
| 942 |
_2ddc _cBOOK |
||
| 949 |
_a261.83227 P28 _wDEWEY _c1 _i47973 _lCCODEBUL1 _mBUL _r0 _sY _tBOOK _u2015-6-24 _xTEOLOGIA _PP35 _0COMPRA _o.STAFF. Colección Teología |
||
| 994 |
_aC0 _bPEPRU |
||
| 596 | _a1 | ||
| 999 |
_a261.83227 P28 _wDEWEY _c24448 _i47973 _f2021-11-10 _g5 _lCCODEBUL1 _mBUL _p30.00 _r0 _sY _tBOOK _u2015-6-24 _xTEOLOGIA _PP35 _0COMPRA _o.STAFF. Colección Teología _d24448 |
||
| 980 |
_81 _gALBERTO SANCHEZ Responsable de Automatización |
||